Kế toán kỹ nghệ /

Bewaard in:
Bibliografische gegevens
Hoofdauteur: Trần Long.
Andere auteurs: Golsky., Mai Kim Đỉnh.
Formaat: Sách giấy
Taal:Vietnamese
Gepubliceerd in: Đà lạt : Sivida, 1966.
Tags: Voeg label toe
Geen labels, Wees de eerste die dit record labelt!
Thư viện lưu trữ: Thư viện Trường Đại học Đà Lạt
LEADER 00681nam a2200301 4500
001 DLU140162983
005 ##20140813
040 # # |a DLU  |b vie 
041 # # |a vie 
044 # # |a vn 
082 # # |a 657.867  |b TR-L 
100 # # |a Trần Long. 
245 # # |a Kế toán kỹ nghệ /  |c Trần Long, Mai Kim Đỉnh, Golsky. 
260 # # |a Đà lạt :  |b Sivida,  |c 1966. 
300 # # |a 362 tr. ;  |c 26 cm. 
700 # # |a Golsky. 
700 # # |a Mai Kim Đỉnh. 
923 # # |a TL 
991 # # |a GT 
992 # # |a 543 
994 # # |a DLU 
900 # # |a True 
911 # # |a Nguyễn Huyền Anh 
925 # # |a G 
926 # # |a A 
927 # # |a SH 
980 # # |a Thư viện Trường Đại học Đà Lạt